00424nam a2200181Ia 4500008004100000020001800041050001400059100002200073245002300095245002200118260001500140260001600155260000900171300001600180300002700196300001000223500000900233170918s9999 xx 000 0 und d a9780439286060 bP545 1993 aPhilbrick, Rodman aFreak the mighty / cRodman Philbrick. aNew York : bScholastic, c1993 a169 pages : bcolored illustration ; c19cm. a1000